| 000 | 00495nmm a2200169Ia 4500 | ||
|---|---|---|---|
| 008 | 251105s9999||||xx |||||||||||||||||und|| | ||
| 020 | _a8489564272 | ||
| 041 | _aspa | ||
| 100 | _aViejo, Breixo | ||
| 245 | 0 | _aJim Jarmusch y el sueño de los justos | |
| 264 |
_a[Madrid, España] : _bEdiciones JC Clementine, _c2001 |
||
| 300 | _a190 páginas | ||
| 490 | _aColección Directores de cine | ||
| 650 | _aFilm studies | ||
| 856 | _uhttps://public.digitaliapublishing.com/a/17930 | ||
| 942 | _cCF | ||
| 999 |
_c73895 _d73895 |
||